| 000 | 00820cam a22002411i 4500 | ||
|---|---|---|---|
| 001 | sa 68015999 | ||
| 003 | DLC | ||
| 005 | 20260227112651.0 | ||
| 008 | 771010s1966 io 000 0 ind | ||
| 010 | _asa 68015999 | ||
| 035 | _a(OCoLC)3329725 | ||
| 040 |
_aDLC _cNIC _dMiU _dDLC |
||
| 042 | _apremarc | ||
| 050 | 0 | 0 |
_aZ460.7 _b.I38 |
| 111 | 2 |
_aKongres Ikatan Penerbit Indonesia _n(5th : _d1966 : _cTjipajung, Indonesia) |
|
| 245 | 0 | 0 | _aKongres ke-V IKAPI-OPS Penerbitan, 21 s/d 27 Februari 1966 di Tjipajung. |
| 260 |
_aDjakarta : _bPanitya Kongres ke-V, _c[1966] |
||
| 300 |
_a2 v. ; _c32 cm. |
||
| 500 | _aCover title. | ||
| 505 | 0 | _adjil. 1. Barkas notulen.--djil. 2. Bahan-bahan indoktrinasi & upgrading. | |
| 650 | 0 |
_aPublishers and publishing _zIndonesia _vCongresses. |
|
| 710 | 2 | _aIkatan Penerbit Indonesia. | |
| 999 |
_c86857 _d86857 |
||